000 00431nam a2200145Ia 4500
008 240729s9999 xx 000 0 und d
022 _a2599-2570
245 0 _aCaraka Tani: Journal of Sustainable Agriculture
260 _aIndonesia
260 _bUniversitas Sebelas Maret, Faculty of Agriculture
650 _aAgriculture
856 _uhttps://doaj.org/toc/0b3b4aa4728b4d2482aea18904af5165
942 _2ddc
942 _cDOAJEJ
999 _c69736
_d69736
945 _a1
_bMadushi Gamage
_c1
_dMadushi Gamage